000 00427nam a2200169Ia 4500
003 GCL
008 140319s9999 xx 000 0 ara d
040 _aGCL /
_cGCL
082 0 4 _aد
_b050
100 1 _aجورج زايد
245 1 0 _aفيكتور هوجو (اقرا 204 ) /
_cجورج زايد
300 _a168
490 _aاقرأ
_v0
650 0 4 _aالادباء
650 0 4 _aفيكتور هوجو
942 _2ddc
_cBK
999 _c48581
_d48581